[Event "Gligoric Cup 7th"]
[Site "Backa Palanka"]
[Date "2021.06.04"]
[Round "2.1"]
[White "Drazic, Sinisa"]
[Black "Kovacevic, Dragan"]
[Result "1-0"]
[WhiteElo "2339"]
[BlackElo "2235"]
[PlyCount "113"]
[EventDate "2021.06.03"]
[EventType "team-tourn"]
[EventRounds "5"]
[EventCountry "SRB"]
[SourceTitle "CBM 203 Extra"]
[Source "ChessBase"]
[SourceDate "2021.09.30"]
[SourceVersion "1"]
[SourceVersionDate "2021.09.30"]
[SourceQuality "1"]
[WhiteTeam "Kac Jugovic"]
[BlackTeam "Smederevska Palanka"]
[WhiteTeamCountry "SRB"]
[BlackTeamCountry "SRB"]

1. e4 g6 2. h4 h5 3. Bc4 c6 4. Nc3 b5 5. Bb3 b4 6. Nce2 d5 7. Nf3 Bg7 8. d4 Nf6 9. exd5 cxd5 10. Bf4 0-0 11. Ne5 a5 12. a3 Ba6 13. axb4 axb4 14. 0-0 Qb6 15. c4 dxc4 16. Bxc4 e6 17. Be3 Qb7 18. b3 Nd5 19. Bxd5 Qxd5 20. Nf4 Qe4 21. Qb1 Qb7 22. Rc1 Nd7 23. Nexg6 fxg6 24. Nxe6 Rf5 25. Nc7 Ra7 26. Ra4 Be2 27. Qa2 Rxa4 28. bxa4+ Kh7 29. Qxe2 Qe4 30. Qc4 Qxh4 31. Ne6 Bh6 32. Qc8 Rf7 33. Qd8 Qxd8 34. Nxd8 Bxe3 35. fxe3 Rf8 36. Nb7 Nf6 37. Rf1 Kg7 38. Nc5 Re8 39. Re1 Nd5 40. e4 Nc3 41. e5 Rb8 42. e6 Re8 43. a5 Kf6 44. a6 Ke7 45. Kf2 Rb8 46. Ra1 b3 47. Nxb3 Kxe6 48. a7 Ra8 49. Ra5 Kd6 50. Nd2 Nd5 51. Nc4+ Ke6 52. Rxd5 Rf8+ 53. Ke3 Kxd5 54. Nb6+ Kc6 55. a8Q+ Rxa8 56. Nxa8 g5 57. Ke4 1-0

[Event "SRB-ch sf"]
[Site "Novi Banovci"]
[Date "2020.02.29"]
[Round "8"]
[White "Kovacevic, Dragan"]
[Black "Micic, Aleksa"]
[Result "0-1"]
[WhiteElo "2230"]
[BlackElo "1891"]
[PlyCount "81"]
[EventDate "2020.02.24"]
[EventType "swiss"]
[EventRounds "9"]
[EventCountry "SRB"]
[SourceTitle "EXT 2021"]
[Source "ChessBase"]
[SourceDate "2020.10.23"]
[SourceVersion "1"]
[SourceVersionDate "2020.10.23"]
[SourceQuality "1"]

1. e4 c5 2. Nf3 d6 3. Bb5+ Nd7 4. 0-0 Ngf6 5. Re1 a6 6. Bf1 b6 7. d3 e6 8. Nbd2 Be7 9. d4 cxd4 10. Nxd4 Bb7 11. c4 0-0 12. b3 Qc7 13. Bb2 Rac8 14. a4 Rfe8 15. h3 Qb8 16. Bd3 d5 17. exd5 exd5 18. cxd5 Nxd5 19. Bf5 Rcd8 20. N2f3 N7f6 21. Rc1 Bc5 22. Rxe8+ Rxe8 23. Bd3 Nb4 24. Bf1 Nbd5 25. Rc4 Rc8 26. Nf5 Bf8 27. Rh4 Qc7 28. Bd3 Nc3 29. Qc2 Ncd5 30. Rc4 Qd8 31. Rxc8 Qxc8 32. Qd2 h6 33. N3d4 Qd7 34. Nf3 Bb4 35. Qc2 Qc8 36. Qe2 Nf4 37. Qe3 Nxd3 38. Qxd3 Be4 39. Qd4 Qxf5 40. Qxb4 Bxf3 41. gxf3 0-1

[Event "Stari Banovci Vidovdan op"]
[Site "Stari Banovci"]
[Date "2018.06.30"]
[Round "2"]
[White "Kovacevic, Dragan"]
[Black "Lorparizangeneh, Shahin"]
[Result "0-1"]
[WhiteElo "2233"]
[BlackElo "2493"]
[PlyCount "55"]
[EventDate "2018.06.29"]
[EventType "swiss"]
[EventRounds "9"]
[EventCountry "SRB"]
[SourceTitle "CBM 185 Extra"]
[Source "ChessBase"]
[SourceDate "2018.07.29"]
[SourceVersion "1"]
[SourceVersionDate "2018.07.29"]
[SourceQuality "1"]

1. e4 c6 2. d4 d5 3. exd5 cxd5 4. Bd3 Nc6 5. c3 Nf6 6. h3 g6 7. Nd2 Bf5 8. Nf1 Qc7 9. Ne3 Bxd3 10. Qxd3 e6 11. Ne2 Bg7 12. Ng4 Nh5 13. Ng3 Nxg3 14. fxg3 h5 15. Nf2 e5 16. dxe5 Qxe5+ 17. Kf1 0-0-0 18. Bf4 Qe7 19. Re1 Qc5 20. Rc1 Rde8 21. g4 Ne5 22. Qg3 h4 23. Qe3 Qc4+ 24. Kg1 Nxg4 25. b3 Nxe3 26. bxc4 dxc4 27. Ng4 Rd8 28. Kf2 0-1

[Event "Vojvodina-chT"]
[Site "Novi Sad"]
[Date "2017.11.16"]
[Round "5.4"]
[White "Popovic, Milan S"]
[Black "Kovacevic, Dragan"]
[Result "1/2-1/2"]
[WhiteElo "2219"]
[BlackElo "2244"]
[PlyCount "44"]
[EventDate "2017.11.13"]
[EventType "team-tourn"]
[EventRounds "11"]
[EventCountry "SRB"]
[SourceTitle "CBM 181 Extra"]
[Source "ChessBase"]
[SourceDate "2017.12.12"]
[SourceVersion "1"]
[SourceVersionDate "2017.12.12"]
[SourceQuality "1"]
[WhiteTeam "Petrovaradin Kraljica"]
[BlackTeam "Stara Pazova"]
[WhiteTeamCountry "SRB"]
[BlackTeamCountry "SRB"]

1. e4 d6 2. d4 Nf6 3. Nc3 g6 4. f4 Bg7 5. Nf3 c6 6. e5 Nfd7 7. Bc4 d5 8. Bd3 Nf8 9. Be3 b5 10. Qd2 a5 11. Ne2 Na6 12. c3 Qb6 13. h3 h5 14. Rc1 Qb7 15. 0-0 Bf5 16. Ng5 e6 17. b3 Nh7 18. Kh1 Nc7 19. Ng1 Nxg5 20. fxg5 a4 21. b4 0-0-0 22. Nf3 Na8 1/2-1/2

[Event "Vojvodina-chT"]
[Site "Novi Sad"]
[Date "2015.11.14"]
[Round "5.4"]
[White "Kovacevic, Dragan"]
[Black "Farkas, Tibor"]
[Result "0-1"]
[WhiteElo "2265"]
[BlackElo "2254"]
[PlyCount "69"]
[EventDate "2015.11.10"]
[EventType "team-tourn"]
[EventRounds "9"]
[EventCountry "SRB"]
[SourceTitle "CBM 169 Extra"]
[Source "ChessBase"]
[SourceDate "2015.12.18"]
[SourceVersion "1"]
[SourceVersionDate "2015.12.18"]
[SourceQuality "1"]
[WhiteTeam "Stara Pazova"]
[BlackTeam "Backa Pacir"]
[WhiteTeamCountry "SRB"]
[BlackTeamCountry "SRB"]

1. e4 c5 2. Nf3 d6 3. Bb5+ Nc6 4. 0-0 Bd7 5. Re1 Nf6 6. c3 a6 7. Bf1 Bg4 8. d3 e6 9. Nbd2 Be7 10. Qc2 Rc8 11. g3 0-0 12. Bg2 d5 13. a3 b5 14. b3 Qb6 15. Qb1 Rfd8 16. a4 d4 17. c4 e5 18. axb5 axb5 19. cxb5 Qxb5 20. Nc4 Nd7 21. h3 Be6 22. Nfd2 Ra8 23. Rxa8 Rxa8 24. f4 f6 25. Bf3 exf4 26. e5 Ndxe5 27. Nxe5 fxe5 28. Nc4 Rf8 29. gxf4 Bxh3 30. Bd5+ Kh8 31. Nxe5 Nxe5 32. Rxe5 Bd6 33. Rh5 Bf5 34. Bc4 Qe8 35. Rg5 0-1

[Event "Vojvodina-chT"]
[Site "Novi Sad"]
[Date "2015.11.13"]
[Round "4.4"]
[White "Zegarac, Vuk"]
[Black "Kovacevic, Dragan"]
[Result "1-0"]
[WhiteElo "2143"]
[BlackElo "2265"]
[PlyCount "90"]
[EventDate "2015.11.10"]
[EventType "team-tourn"]
[EventRounds "9"]
[EventCountry "SRB"]
[SourceTitle "CBM 169 Extra"]
[Source "ChessBase"]
[SourceDate "2015.12.18"]
[SourceVersion "1"]
[SourceVersionDate "2015.12.18"]
[SourceQuality "1"]
[WhiteTeam "Novo Selo Bora Ivkov"]
[BlackTeam "Stara Pazova"]
[WhiteTeamCountry "SRB"]
[BlackTeamCountry "SRB"]

1. d4 d6 2. e4 Nf6 3. Nc3 c6 4. f4 Qa5 5. Bd3 e5 6. Nf3 Nbd7 7. 0-0 Be7 8. Kh1 0-0 9. a3 Qc7 10. Qe1 b5 11. fxe5 dxe5 12. dxe5 Ng4 13. Bf4 Ngxe5 14. Qg3 Bf6 15. Bxb5 cxb5 16. Nd5 Qxc2 17. Nxf6+ Nxf6 18. Bxe5 Ne8 19. Rae1 Qd3 20. Bc3 a5 21. Qf2 Be6 22. Nd4 Ra6 23. Nxe6 Rxe6 24. Bxa5 Nf6 25. e5 Ng4 26. Qf5 Qxf5 27. Rxf5 Rfe8 28. Bc3 f6 29. h3 Nxe5 30. Bxe5 fxe5 31. Re4 g6 32. Rf3 Rd6 33. Rb3 Rd5 34. Reb4 e4 35. Re3 Rde5 36. Kg1 Kf7 37. Kf2 Kf6 38. Reb3 Rc5 39. Ke3 Rg5 40. g4 h5 41. Rxb5 hxg4 42. Rxg5 Kxg5 43. hxg4 Kxg4 44. a4 Kg3 45. a5 Re5 1-0

[Event "Stari Banovci Vidovdan op"]
[Site "Stari Banovci"]
[Date "2015.06.23"]
[Round "6"]
[White "Kovacevic, Dragan"]
[Black "Sekulic, Dusan"]
[Result "0-1"]
[WhiteElo "2240"]
[BlackElo "2294"]
[PlyCount "67"]
[EventDate "2015.06.20"]
[EventType "swiss"]
[EventRounds "9"]
[EventCountry "SRB"]
[SourceTitle "EXT 2019"]
[Source "ChessBase"]
[SourceDate "2018.10.10"]
[SourceVersion "1"]
[SourceVersionDate "2018.10.10"]
[SourceQuality "1"]

1. e4 e5 2. Nf3 Nc6 3. Bc4 Bc5 4. d3 Nf6 5. Nbd2 0-0 6. c3 a6 7. a4 Ba7 8. 0-0 d6 9. h3 Ne7 10. Re1 Ng6 11. Nf1 b5 12. Bb3 Bb7 13. Ng3 Re8 14. Be3 Bxe3 15. Rxe3 d5 16. axb5 axb5 17. Rxa8 Qxa8 18. Qb1 Nf4 19. d4 exd4 20. Nxd4 dxe4 21. Nxb5 Re5 22. c4 Qd8 23. Qc1 h6 24. Qc3 Rg5 25. Qd4 Qc8 26. h4 Rg4 27. Qe5 Qa8 28. Qd4 Ne6 29. Qd1 Rxh4 30. Bc2 Ng4 31. Ra3 Qf8 32. Qd7 Qc5 33. Qd2 e3 34. fxe3 0-1

[Event "Vojvodina-chT"]
[Site "Kac"]
[Date "2014.11.12"]
[Round "7.5"]
[White "Kovacevic, Dragan"]
[Black "Jovic, Stevan"]
[Result "0-1"]
[WhiteElo "2251"]
[BlackElo "2273"]
[PlyCount "64"]
[EventDate "2014.11.08"]
[EventType "team-tourn"]
[EventRounds "11"]
[EventCountry "SRB"]
[SourceTitle "EXT 2017"]
[Source "ChessBase"]
[SourceDate "2016.10.25"]
[SourceVersion "1"]
[SourceVersionDate "2016.10.25"]
[SourceQuality "1"]

1. e4 c6 2. d4 d5 3. exd5 cxd5 4. Bd3 Nc6 5. c3 Nf6 6. Nf3 Bg4 7. Nbd2 e6 8. 0-0 Bd6 9. Qe1 Qc7 10. Bb5 0-0 11. Bxc6 bxc6 12. Ne5 Bf5 13. f4 c5 14. Kh1 Nd7 15. Nxd7 Qxd7 16. dxc5 Bxc5 17. Nb3 Bd6 18. Be3 Qb7 19. Qf2 Rfc8 20. Bc5 Bc7 21. Nd4 Be4 22. b4 Bb6 23. Nb3 Rc6 24. Rfe1 Rac8 25. h3 e5 26. fxe5 Rg6 27. Rg1 Qd7 28. Kh2 Qe6 29. Qf4 Bc7 30. Bd6 Bxd6 31. exd6 Rxc3 32. g4 Rf6 0-1

[Event "Vojvodina-chT 2nd League"]
[Site "Stari Banovci"]
[Date "2013.11.09"]
[Round "9"]
[White "Arbutina, Sinisa"]
[Black "Kovacevic, Dragan"]
[Result "0-1"]
[WhiteElo "2280"]
[BlackElo "2236"]
[PlyCount "84"]
[EventDate "2013.11.03"]
[EventType "team-tourn"]
[EventRounds "11"]
[EventCountry "SRB"]
[SourceTitle "EXT 2015"]
[Source "ChessBase"]
[SourceDate "2014.11.20"]
[SourceVersion "1"]
[SourceVersionDate "2014.11.20"]
[SourceQuality "1"]

1. d4 d6 2. c4 Nf6 3. Nc3 Nbd7 4. e4 e5 5. Nge2 Be7 6. f3 c6 7. Be3 0-0 8. Qd2 a6 9. d5 cxd5 10. cxd5 b5 11. Ng3 g6 12. Bd3 Ne8 13. 0-0 Ng7 14. f4 exf4 15. Bxf4 Ne5 16. Rae1 Bd7 17. Nge2 Rc8 18. b3 h5 19. Nd4 h4 20. Nce2 h3 21. Rc1 hxg2 22. Kxg2 Rxc1 23. Rxc1 Nh5 24. Bxe5 dxe5 25. Nc6 Bxc6 26. Rxc6 Bg5 27. Qd1 Qa5 28. Bb1 Kg7 29. Kf1 Rh8 30. Kg2 Nf4+ 31. Nxf4 Bxf4 32. h3 Rh5 33. d6 Rg5+ 34. Kf2 Bg3+ 35. Ke2 Bh4 36. d7 Rg2+ 37. Kf3 Rd2 38. Qc1 Rf2+ 39. Ke3 Qd8 40. Qd1 Qg5+ 41. Kd3 Qg3+ 42. Qf3 Qxf3# 0-1